La educación sexual en educación especial : formación básica para maestros.

محفوظ في:
التفاصيل البيبلوغرافية
مؤلفون مشاركون: México. Presidencia de la República Secretaría de Educación Pública, México. Presidencia de la República Secretaría de Educación Pública. Dirección General de Educación Especial
التنسيق: كتاب
اللغة:الإسبانية
الموضوعات:
الوسوم: إضافة وسم
لا توجد وسوم, كن أول من يضع وسما على هذه التسجيلة!

MARC

LEADER 00000cam^a2200000uu^4500
001 000466203
005 20250521000000.0
008 050901s1984^^^^^^^^^^^^rd^r^^000^0^spa^d
009 20260310124417.231
035 |a FCE 000008840 
035 |a FCE 034961 
037 |a Acervo ITESO - Biblioteca 
041 |a spa 
082 0 4 |a 371.904  |b SEP-DGEE EDU SEX 2 
110 |a México. Presidencia de la República  |b Secretaría de Educación Pública 
245 1 3 |a La educación sexual en educación especial :  |b formación básica para maestros. 
264 |a México :  |b SEP, DGEE,  |c 1984. 
300 |a 51 p. 
336 |a texto  |b txt  |2 rdacontenido 
337 |a sin mediación  |b n  |2 rdamedio 
338 |a volumen  |b nc  |2 rdasoporte 
596 |a Numeración de la clasificación asignada por la biblioteca 
649 |a XX 
650 |a Educación especial 
650 |a Capacitación del docente 
650 |a Educación sexual 
650 |a Sexualidad 
650 |a Normas 
650 |a Modelos educativos 
710 |a México. Presidencia de la República  |b Secretaría de Educación Pública. Dirección General de Educación Especial 
910 |a Fondo Centro de Estudios Educativos 
920 |a Impresos - Libros 
930 |a Fondos Especiales 
905 |a 133 
901 |a ALE034961  |b IT2  |c CEE  |u 20250521 
902 |a https://opac.biblio.iteso.mx/vufind/Record/000466203